000 00558nam a22001575i 4500
001 48118
003 ES-MaACL
007 t|
008 950706s1861 xxkabf ||||1| eng d
040 _aCAM
_bspa
_cCAM
100 1 _aChaillu, Paul B. du.
_937797
245 1 0 _aExploration & adventures in Equatorial Africa
_b: with accounts of the manners and customs of the people... /
_cby Paul B. du Chaillu.
260 _aLondon :
_bJohn Murray,
_c1861.
300 _aXVIII, 479, 27 p., [27] lám., [1] h. de map. pleg. :
_bil. ;
_c23 cm.
852 _aES-MaACL
_jG-11949
999 _c48118
_d48118